| 000 | 00606nam a2200181 a 4500 | ||
|---|---|---|---|
| 001 | BRCA_2357 | ||
| 005 | 20190320203755.0 | ||
| 008 | 241008s2005----mx-a---###---#000-0#spa-# | ||
| 020 | _a970970365X | ||
| 050 | 4 |
_aNK2014 _b.B54 3 _c2005 |
|
| 245 | 1 | 0 |
_a3 [i.e. Tercera] Bienal Nacional de Diseño México _bcatálogo de seleccionados, 2005. |
| 260 |
_aMéxico _bCONACULTA : INBA : Escuela de Diseño _c2005 |
||
| 300 |
_a46 p. _bil. a color _c27 cm. |
||
| 650 | 1 | 4 |
_aDiseño industrial _vCatálogos _97067 |
| 650 | 1 | 4 |
_aDiseño mexicano _vCatálogos _97068 |
| 740 | 0 | _aBienal Nacional de Diseño | |
| 942 |
_2lcc _cB |
||
| 999 |
_c2098 _d2098 |
||